[Event "Mindsports Open 4th"]
[Site "London"]
[Date "2024.07.22"]
[Round "8.7"]
[White "Lim, Zhuo Ren"]
[Black "Balaji, Aaravamudhan"]
[Result "1-0"]
[WhiteElo "2251"]
[BlackElo "2316"]
[PlyCount "115"]
[EventDate "2024.07.18"]
[EventType "swiss"]
[EventRounds "9"]
[EventCountry "ENG"]
[SourceTitle "BritBase"]
[Source "John Saunders"]
[SourceDate "2024.08.27"]
[SourceVersion "1"]
[SourceVersionDate "2024.08.27"]
[SourceQuality "1"]

1. Nf3 g6 2. g3 c5 3. c4 Bg7 4. Bg2 Nc6 5. Nc3 d6 6. O-O Be6 7. d3 Qc8 8. Qd2 Bh3 9. b3 h5 10. Bb2 h4 11. Nd5 Kf8 12. Bxh3 Qxh3 13. Nf4 Qg4 14. h3 Qd7 15. g4 e5 16. Nd5 f5 17. Nh2 Nh6 18. f4 exf4 19. Nxf4 Ne7 20. e4 Nf7 21. exf5 gxf5 22. Rae1 Be5 23. d4 cxd4 24. Bxd4 Rd8 25. Bxe5 dxe5 26. Qxd7 Rxd7 27. Ne6+ Kg8 28. gxf5 Rd3 29. Re4 Rh5 30. Ng4 Ng5 31. Re3 Rxe3 32. Nxe3 Kf7 33. Nd8+ Ke8 34. Nxb7 Nxh3+ 35. Kh2 Nf4 36. Nd6+ Kf8 37. Ng2 Ne2 38. f6 Ng6 39. Ne4 h3 40. Ne3 Rh4 41. Ng5 Nd4 42. Nf5 Nxf5 43. Rxf5 e4 44. Rc5 Ke8 45. Rc7 Nf8 46. Rc8+ Kd7 47. Rxf8 e3 48. f7 Rf4 49. Re8 Rxf7 50. Nxf7 Kxe8 51. Ne5 Ke7 52. Nd3 Ke6 53. Kxh3 Kf5 54. Kg3 Ke4 55. Ne1 a5 56. a3 Kd4 57. Kf3 a4 58. bxa4 1-0

[Event "Mindsports Open 4th"]
[Site "London"]
[Date "2024.07.22"]
[Round "8.8"]
[White "Buckley, Graeme N"]
[Black "Navrotescu, Andreea"]
[Result "0-1"]
[WhiteElo "2311"]
[BlackElo "2246"]
[PlyCount "122"]
[EventDate "2024.07.18"]
[EventType "swiss"]
[EventRounds "9"]
[EventCountry "ENG"]
[SourceTitle "BritBase"]
[Source "John Saunders"]
[SourceDate "2024.08.27"]
[SourceVersion "1"]
[SourceVersionDate "2024.08.27"]
[SourceQuality "1"]

1. e4 e6 2. d4 d5 3. e5 c5 4. c3 Nc6 5. Nf3 Qb6 6. Bd3 Bd7 7. dxc5 Bxc5 8. O-O a5 9. Na3 Nge7 10. Bf4 Ng6 11. Bg3 Nce7 12. Qe2 Nf5 13. Nb5 O-O 14. b4 axb4 15. cxb4 Bxb5 16. Bxb5 Nd4 17. Nxd4 Bxd4 18. Rad1 Bxe5 19. Bxe5 Nxe5 20. a4 Qd6 21. Rb1 Rfc8 22. Rfc1 Rc7 23. Rxc7 Qxc7 24. a5 Qc3 25. h3 g6 26. Qd1 Rc8 27. a6 bxa6 28. Bxa6 Rb8 29. Rb3 Qc6 30. Be2 Qa4 31. b5 Nd7 32. Qb1 Rc8 33. b6 Qf4 34. Re3 d4 35. b7 Rc5 36. Qe4 Rc1+ 37. Bf1 Qd6 38. Re1 Rxe1 39. Qxe1 Qb6 40. Qe4 f5 41. Qd3 Kf7 42. Qb5 Qxb5 43. Bxb5 Nb8 44. f4 e5 45. Kf2 e4 46. Ke2 Ke6 47. Kd2 Kd5 48. h4 Kc5 49. Be8 d3 50. Kc3 Kb6 51. Bf7 Kxb7 52. h5 Nc6 53. hxg6 hxg6 54. Bxg6 Ne7 55. Bh7 Kb6 56. g4 Kc5 57. gxf5 Nd5+ 58. Kd2 Kd4 59. f6 e3+ 60. Kc1 d2+ 61. Kc2 Nc3 0-1

[Event "Mindsports Open 4th"]
[Site "London"]
[Date "2024.07.22"]
[Round "8.9"]
[White "Merriman, John"]
[Black "Antolak, Julia"]
[Result "1/2-1/2"]
[WhiteElo "2251"]
[BlackElo "2333"]
[PlyCount "200"]
[EventDate "2024.07.18"]
[EventType "swiss"]
[EventRounds "9"]
[EventCountry "ENG"]
[SourceTitle "BritBase"]
[Source "John Saunders"]
[SourceDate "2024.08.27"]
[SourceVersion "1"]
[SourceVersionDate "2024.08.27"]
[SourceQuality "1"]

1. d4 Nf6 2. c4 g6 3. f3 Bg7 4. e4 O-O 5. Nc3 d6 6. Bg5 c5 7. d5 e6 8. Qd2 exd5 9. cxd5 a6 10. a4 Re8 11. Nge2 Nbd7 12. Nd1 Ne5 13. Nec3 h6 14. Be3 Bd7 15. Be2 Kh7 16. O-O b5 17. axb5 axb5 18. Rxa8 Qxa8 19. Nxb5 Bxb5 20. Bxb5 Rb8 21. Be2 Qa4 22. Qc1 Qb3 23. Bd2 Ned7 24. Bc4 Qb7 25. Qc2 Nh5 26. Bc3 Bxc3 27. bxc3 Ne5 28. Ne3 Nf6 29. Be2 Qa7 30. Kh1 c4 31. Nxc4 Nxc4 32. Bxc4 Qa3 33. Qc1 Qc5 34. Be2 Rb3 35. c4 Nd7 36. h3 Qb4 37. f4 Nc5 38. f5 Nxe4 39. fxg6+ fxg6 40. Rf7+ Kg8 41. Qf4 Qe1+ 42. Bf1 Ng3+ 43. Kh2 Nf5 44. Rf6 Kg7 45. Re6 Qg3+ 46. Qxg3 Nxg3 47. Be2 Nxe2 48. Rxe2 Rc3 49. Re6 Rxc4 50. Rxd6 Rc3 51. Kg1 Rc2 52. Kh2 Rc3 53. h4 Rd3 54. g4 h5 55. g5 Rd4 56. Kg3 Rg4+ 57. Kh3 Rd4 58. Rd7+ Kg8 59. Kg3 Rg4+ 60. Kh3 Rd4 61. Rd6 Kg7 62. Rd7+ Kg8 63. Rd8+ Kg7 64. d6 Rd3+ 65. Kg2 Rd4 66. Kg3 Rg4+ 67. Kh3 Rd4 68. Rd7+ Kg8 69. Kg3 Rg4+ 70. Kf3 Rxh4 71. Re7 Kf8 72. Re6 Kf7 73. Rf6+ Kg7 74. Ke3 Rh1 75. Ke4 h4 76. Kd5 h3 77. Rf2 h2 78. Rd2 Kf7 79. d7 Ke7 80. Ke4 Kd8 81. Kd4 Kxd7 82. Ke4+ Kc6 83. Rc2+ Kb5 84. Re2 Kb4 85. Ke3 Kc3 86. Ke4 Kc4 87. Rc2+ Kb5 88. Re2 Kc5 89. Rc2+ Kd6 90. Re2 Ke6 91. Kf4+ Kd5 92. Rd2+ Kc4 93. Kg3 Rg1+ 94. Kxh2 Rxg5 95. Rd8 Rd5 96. Rg8 g5 97. Kh3 Kd4 98. Kg4 Ke4 99. Rxg5 Rxg5+ 100. Kxg5 Ke5 1/2-1/2

[Event "Mindsports Open 4th"]
[Site "London"]
[Date "2024.07.22"]
[Round "8.10"]
[White "Kalavannan, Koby"]
[Black "Murawski, Jan"]
[Result "1-0"]
[WhiteElo "2265"]
[BlackElo "2121"]
[PlyCount "111"]
[EventDate "2024.07.18"]
[EventType "swiss"]
[EventRounds "9"]
[EventCountry "ENG"]
[SourceTitle "BritBase"]
[Source "John Saunders"]
[SourceDate "2024.08.27"]
[SourceVersion "1"]
[SourceVersionDate "2024.08.27"]
[SourceQuality "1"]

1. d4 Nf6 2. c4 e6 3. Nf3 d5 4. Qc2 Be7 5. g3 dxc4 6. Bg2 a6 7. a4 Nbd7 8. Nbd2 O-O 9. O-O c5 10. dxc5 Bxc5 11. Nxc4 Nb6 12. Rd1 Qc7 13. b3 Nxc4 14. Qxc4 b5 15. Qh4 Bb7 16. b4 Be7 17. Bf4 Qc8 18. axb5 axb5 19. Rac1 Qe8 20. Bd6 Rd8 21. Bxe7 Rxd1+ 22. Rxd1 Qxe7 23. Ne5 Bxg2 24. Kxg2 Qb7+ 25. f3 h6 26. Qd4 Rc8 27. Ra1 Qd5 28. Qe3 Nd7 29. Nd3 Qd6 30. Ra5 Rb8 31. Qa7 g6 32. Ra6 Rb6 33. Qa8+ Kg7 34. Ra7 Nf6 35. Qc8 Qc6 36. Qxc6 Rxc6 37. Ne5 Rc2 38. Rxf7+ Kg8 39. Kf2 Nd5 40. Rb7 Nc3 41. f4 Rxe2+ 42. Kf3 Rxh2 43. Nxg6 h5 44. f5 exf5 45. Kf4 Rg2 46. Kg5 Rxg3+ 47. Kh6 Rxg6+ 48. Kxg6 Kf8 49. Kxf5 Ke8 50. Ke6 Kd8 51. Kd6 Kc8 52. Rh7 Ne4+ 53. Kc6 Kb8 54. Rxh5 Nc3 55. Rh3 Na2 56. Kxb5 1-0

[Event "Mindsports Open 4th"]
[Site "London"]
[Date "2024.07.22"]
[Round "8.11"]
[White "Banerjee, Supratit"]
[Black "Dignam, Matthew"]
[Result "1/2-1/2"]
[WhiteElo "2161"]
[BlackElo "2104"]
[PlyCount "73"]
[EventDate "2024.07.18"]
[EventType "swiss"]
[EventRounds "9"]
[EventCountry "ENG"]
[SourceTitle "BritBase"]
[Source "John Saunders"]
[SourceDate "2024.08.27"]
[SourceVersion "1"]
[SourceVersionDate "2024.08.27"]
[SourceQuality "1"]

1. e4 d6 2. d4 Nf6 3. Nc3 c6 4. Nf3 Bg4 5. Be2 Nbd7 6. Be3 e5 7. a4 Be7 8. h3 Bh5 9. Qd2 O-O 10. O-O Qc7 11. Nh2 Bxe2 12. Qxe2 d5 13. exd5 Nxd5 14. Nxd5 cxd5 15. Rac1 e4 16. c4 Bd6 17. f4 exf3 18. Nxf3 dxc4 19. Rxc4 Qa5 20. Ng5 Rae8 21. Qd3 f5 22. Qb3 Qd5 23. Rc3 Nb6 24. Bf2 h6 25. Nf3 Qxb3 26. Rxb3 Rf7 27. Ra1 Re2 28. Kf1 Rc2 29. Ne1 Rc4 30. a5 Nd5 31. Nd3 f4 32. Ne5 Bxe5 33. dxe5 Ne3+ 34. Bxe3 fxe3+ 35. Ke2 Rc2+ 36. Kxe3 Rxg2 37. Ke4 1/2-1/2

[Event "Mindsports Open 4th"]
[Site "London"]
[Date "2024.07.22"]
[Round "8.12"]
[White "Ogunshola, Ben"]
[Black "Johnson, Daniel"]
[Result "0-1"]
[WhiteElo "2043"]
[BlackElo "2126"]
[PlyCount "71"]
[EventDate "2024.07.18"]
[EventType "swiss"]
[EventRounds "9"]
[EventCountry "ENG"]
[SourceTitle "BritBase"]
[Source "John Saunders"]
[SourceDate "2024.08.27"]
[SourceVersion "1"]
[SourceVersionDate "2024.08.27"]
[SourceQuality "1"]

1. c4 e6 2. Nf3 d5 3. d4 Nf6 4. g3 Be7 5. Bg2 O-O 6. O-O dxc4 7. Qa4 a6 8. Qxc4 b5 9. Qc2 Bb7 10. Bd2 Ra7 11. Rc1 Be4 12. Qb3 Nbd7 13. Ba5 Bd6 14. Nc3 Bb7 15. a4 Qa8 16. Qd1 Ne4 17. b4 Ndf6 18. Qd3 Nxc3 19. Rxc3 Be4 20. Qd2 bxa4 21. Rxa4 Bc6 22. Ra1 Ne4 23. Qc2 Nxc3 24. Qxc3 Rb8 25. Rc1 Be4 26. Bf1 Rab7 27. Nd2 Bxb4 28. Bxb4 Rxb4 29. Qxc7 Bb7 30. Qe7 Rb2 31. Rc7 Rf8 32. Nc4 Rb1 33. f3 Rc1 34. e4 Bxe4 35. fxe4 Qxe4 36. Qc5 0-1

[Event "Mindsports Open 4th"]
[Site "London"]
[Date "2024.07.22"]
[Round "8.13"]
[White "Villiers, Thomas"]
[Black "Sim, Jia Ru"]
[Result "0-1"]
[WhiteElo "2229"]
[BlackElo "2077"]
[PlyCount "124"]
[EventDate "2024.07.18"]
[EventType "swiss"]
[EventRounds "9"]
[EventCountry "ENG"]
[SourceTitle "BritBase"]
[Source "John Saunders"]
[SourceDate "2024.08.27"]
[SourceVersion "1"]
[SourceVersionDate "2024.08.27"]
[SourceQuality "1"]

1. e4 c5 2. Nf3 e6 3. d4 cxd4 4. Nxd4 Nc6 5. Bf4 Qf6 6. Be3 a6 7. Nc3 Bb4 8. Qd2 Nxd4 9. Bxd4 e5 10. Be3 Qc6 11. Bd3 Nf6 12. f3 d5 13. a3 Ba5 14. exd5 Nxd5 15. Be4 Bxc3 16. bxc3 Qxc3 17. Qxc3 Nxc3 18. Bd3 Bd7 19. Kd2 Rc8 20. Rhe1 O-O 21. Bb6 Rfe8 22. Ba5 Nd5 23. Rab1 b5 24. Rb3 Nf4 25. Bf1 Bf5 26. Rc3 f6 27. Rxc8 Rxc8 28. Rc1 Ne6 29. c4 Nd4 30. Rc3 Be6 31. cxb5 Nb3+ 32. Rxb3 Bxb3 33. b6 Bd5 34. Bb4 Bb7 35. a4 Kf7 36. Bd3 g6 37. a5 f5 38. Ke3 Ke6 39. h4 e4 40. fxe4 fxe4 41. Be2 Ke5 42. g4 Rc1 43. Bd2 Rh1 44. h5 Rh3+ 45. Kf2 Kd4 46. Kg2 Ra3 47. Be1 Ra2 48. Kf1 e3 49. hxg6 hxg6 50. g5 Ra1 51. Bg4 Ke4 52. Be6 Kf3 53. Bc4 Kf4 54. Ke2 Kxg5 55. Bd3 Kf4 56. Bxg6 Bf3+ 57. Kf1 Ra2 58. Bb4 Kg5 59. b7 Bxb7 60. Bd3 Bf3 61. Bxa6 Rh2 62. Be7+ Kh5 0-1

[Event "Mindsports Open 4th"]
[Site "London"]
[Date "2024.07.22"]
[Round "8.14"]
[White "Pal, Rohan"]
[Black "Badacsonyi, Stanley"]
[Result "0-1"]
[WhiteElo "2077"]
[BlackElo "2178"]
[PlyCount "86"]
[EventDate "2024.07.18"]
[EventType "swiss"]
[EventRounds "9"]
[EventCountry "ENG"]
[SourceTitle "BritBase"]
[Source "John Saunders"]
[SourceDate "2024.08.27"]
[SourceVersion "1"]
[SourceVersionDate "2024.08.27"]
[SourceQuality "1"]

1. c4 Nf6 2. g3 g6 3. Bg2 Bg7 4. Nc3 d6 5. e4 O-O 6. Nge2 c5 7. O-O Nc6 8. d3 Rb8 9. Rb1 a6 10. a4 Bg4 11. h3 Bxe2 12. Nxe2 b5 13. Be3 bxc4 14. dxc4 Ne8 15. b3 Nc7 16. Nf4 Bd4 17. Bxd4 Nxd4 18. b4 e5 19. Nd3 cxb4 20. Nxb4 a5 21. Nd3 Nce6 22. f4 f6 23. Qg4 Kg7 24. f5 Nc5 25. Nxc5 dxc5 26. h4 Rb4 27. Rxb4 axb4 28. a5 Qxa5 29. fxg6 hxg6 30. h5 g5 31. Qd7+ Rf7 32. h6+ Kg6 33. Qe8 Ne2+ 34. Kh2 Qa7 35. Bh3 Nd4 36. Kg2 Kh7 37. Ra1 Qb7 38. Kh2 Qe7 39. Qc8 Qf8 40. Ra7 Qxc8 41. Rxf7+ Kg6 42. Rxf6+ Kxf6 43. Bxc8 b3 0-1

[Event "Mindsports Open 4th"]
[Site "London"]
[Date "2024.07.22"]
[Round "8.15"]
[White "Eames, Robert S"]
[Black "Payne, Matthew J"]
[Result "0-1"]
[WhiteElo "2148"]
[BlackElo "2067"]
[PlyCount "78"]
[EventDate "2024.07.18"]
[EventType "swiss"]
[EventRounds "9"]
[EventCountry "ENG"]
[SourceTitle "BritBase"]
[Source "John Saunders"]
[SourceDate "2024.08.27"]
[SourceVersion "1"]
[SourceVersionDate "2024.08.27"]
[SourceQuality "1"]

1. e4 e6 2. d4 d5 3. e5 c5 4. c3 Nc6 5. Nf3 Qb6 6. Bd3 cxd4 7. cxd4 Bd7 8. O-O Nxd4 9. Nbd2 Bc5 10. b4 Qxb4 11. Nxd4 Bxd4 12. Rb1 Qc3 13. Nf3 Bb6 14. Rb3 Qc7 15. Ba3 Ne7 16. Bd6 Qd8 17. Ng5 Nf5 18. Bxf5 Qxg5 19. Bc2 Rc8 20. Rg3 Qh6 21. Bd3 Bc5 22. Qb1 Bxd6 23. exd6 b6 24. Bb5 Rc5 25. Bd3 e5 26. Bf5 Qf6 27. Rf3 Qxd6 28. Re1 Bxf5 29. Qxf5 O-O 30. Rh3 h6 31. g4 Re8 32. g5 Qg6 33. Qd7 Qe6 34. Qa4 Rc4 35. Qb3 Rg4+ 36. Kf1 Rxg5 37. f4 Rf5 38. Rf3 e4 39. Rf2 d4 0-1

[Event "Mindsports Open 4th"]
[Site "London"]
[Date "2024.07.22"]
[Round "8.16"]
[White "Rocco, Federico"]
[Black "Cancedda-Dupuis, Livio"]
[Result "1/2-1/2"]
[WhiteElo "2146"]
[BlackElo "2041"]
[PlyCount "113"]
[EventDate "2024.07.18"]
[EventType "swiss"]
[EventRounds "9"]
[EventCountry "ENG"]
[SourceTitle "BritBase"]
[Source "John Saunders"]
[SourceDate "2024.08.27"]
[SourceVersion "1"]
[SourceVersionDate "2024.08.27"]
[SourceQuality "1"]

1. e4 c5 2. Nf3 a6 3. g3 Nc6 4. Bg2 g6 5. c3 Bg7 6. d4 cxd4 7. cxd4 Qb6 8. d5 Bxb2 9. Bxb2 Qxb2 10. Nbd2 Nd4 11. O-O Nxf3+ 12. Bxf3 b5 13. a4 Rb8 14. Qe2 d6 15. axb5 axb5 16. Rab1 Qd4 17. Rxb5 Rxb5 18. Qxb5+ Kf8 19. Nb3 Qb2 20. Qd3 Ba6 21. Qxa6 Qxb3 22. Kg2 Qb2 23. Re1 Qe5 24. Bd1 Nf6 25. Qd3 Nd7 26. f4 Qb2+ 27. Re2 Qa1 28. Re1 Nc5 29. Qe3 Kg7 30. Bg4 Qb2+ 31. Re2 Qa1 32. Re1 Qa2+ 33. Kh3 Qc4 34. Bf3 Rb8 35. Rc1 Rb3 36. Rxc4 Rxe3 37. Kg2 Nd3 38. Rd4 Kf6 39. Kf1 Nxf4 40. Kf2 Rd3 41. Rxd3 Nxd3+ 42. Ke3 Nc5 43. Kd4 Nd7 44. Be2 Ne5 45. Bd1 g5 46. h3 g4 47. h4 h5 48. Ke3 e6 49. dxe6 fxe6 50. Ba4 Ke7 51. Kf4 Nf7 52. Bb5 Kf8 53. Bd7 Ke7 54. Ba4 Kd8 55. Bb3 Kd7 56. Ba4+ Ke7 57. Bb5 1/2-1/2

[Event "Mindsports Open 4th"]
[Site "London"]
[Date "2024.07.22"]
[Round "8.17"]
[White "Kovalskyi, Roman"]
[Black "Khoury, Theo"]
[Result "1/2-1/2"]
[WhiteElo "1989"]
[BlackElo "2113"]
[PlyCount "54"]
[EventDate "2024.07.18"]
[EventType "swiss"]
[EventRounds "9"]
[EventCountry "ENG"]
[SourceTitle "BritBase"]
[Source "John Saunders"]
[SourceDate "2024.08.27"]
[SourceVersion "1"]
[SourceVersionDate "2024.08.27"]
[SourceQuality "1"]

1. e4 c5 2. Nf3 d6 3. d4 cxd4 4. Nxd4 Nf6 5. Nc3 a6 6. Bd3 e5 7. Nde2 Be7 8. O-O O-O 9. Ng3 Be6 10. Nd5 Nxd5 11. exd5 Bxd5 12. Bxh7+ Kxh7 13. Qxd5 Nc6 14. Nf5 Qd7 15. Qd3 Kg8 16. f4 Qe6 17. Qe4 Bf6 18. Nh6+ gxh6 19. f5 Qe7 20. Rf3 Nd4 21. Rh3 Bg7 22. Bxh6 Bxh6 23. Rxh6 Qg5 24. Rh3 Qf4 25. Qd3 Nxf5 26. Rf1 Qd4+ 27. Qxd4 Nxd4 1/2-1/2

[Event "Mindsports Open 4th"]
[Site "London"]
[Date "2024.07.22"]
[Round "8.18"]
[White "Verma, Shlok"]
[Black "Patel, Zain"]
[Result "1/2-1/2"]
[WhiteElo "2102"]
[BlackElo "1958"]
[PlyCount "113"]
[EventDate "2024.07.18"]
[EventType "swiss"]
[EventRounds "9"]
[EventCountry "ENG"]
[SourceTitle "BritBase"]
[Source "John Saunders"]
[SourceDate "2024.08.27"]
[SourceVersion "1"]
[SourceVersionDate "2024.08.27"]
[SourceQuality "1"]

1. d4 Nf6 2. c4 e6 3. Nf3 d5 4. Nc3 c5 5. cxd5 Nxd5 6. e4 Nxc3 7. bxc3 cxd4 8. cxd4 Bb4+ 9. Bd2 Bxd2+ 10. Qxd2 O-O 11. Bc4 Nd7 12. O-O b6 13. Rfe1 Bb7 14. Rad1 Rc8 15. Bb3 Re8 16. h3 Nf6 17. Qf4 Qc7 18. Ne5 Re7 19. g4 Nd7 20. g5 b5 21. Rd3 a5 22. Rf3 a4 23. Bd1 Nxe5 24. dxe5 Qc1 25. Qxc1 Rxc1 26. Rd3 h6 27. gxh6 gxh6 28. a3 Rec7 29. Ree3 b4 30. axb4 a3 31. Rd8+ Kh7 32. Rxa3 Bxe4 33. Kh2 Rb1 34. Rb3 Rxb3 35. Bxb3 Rc3 36. Bd1 Bf3 37. b5 Bxd1 38. Rxd1 Rb3 39. Rd7 Kg6 40. Rb7 Rf3 41. Kg2 Rf5 42. b6 Rxe5 43. Rb8 Rb5 44. b7 Kg7 45. Kf3 Rb4 46. Ke3 h5 47. Kf3 Kh7 48. Kg3 e5 49. Kf3 f6 50. Ke3 Kg7 51. Kd3 Rb3+ 52. Ke4 Rb4+ 53. Kd5 Rb1 54. Ke6 Rb6+ 55. Kd7 Rb1 56. Ke7 Rb6 57. Kd7 1/2-1/2

[Event "Mindsports Open 4th"]
[Site "London"]
[Date "2024.07.22"]
[Round "8.19"]
[White "Kolani, Arjun"]
[Black "Shearsby, Jude"]
[Result "1/2-1/2"]
[WhiteElo "2124"]
[BlackElo "2130"]
[PlyCount "80"]
[EventDate "2024.07.18"]
[EventType "swiss"]
[EventRounds "9"]
[EventCountry "ENG"]
[SourceTitle "BritBase"]
[Source "John Saunders"]
[SourceDate "2024.08.27"]
[SourceVersion "1"]
[SourceVersionDate "2024.08.27"]
[SourceQuality "1"]

1. e4 c5 2. Nf3 Nf6 3. Nc3 d5 4. exd5 Nxd5 5. Bc4 Nb6 6. Bb5+ Bd7 7. d4 c4 8. Bxd7+ N8xd7 9. Bg5 Nf6 10. Bxf6 exf6 11. O-O Be7 12. Ne4 O-O 13. c3 Rc8 14. Qc2 Re8 15. Ng3 g6 16. Rfe1 Qd7 17. Re4 Bd6 18. Rae1 Nd5 19. Nd2 f5 20. Rxe8+ Rxe8 21. Qd1 Rxe1+ 22. Qxe1 Qb5 23. b3 cxb3 24. c4 Qb4 25. axb3 Nf4 26. Ngf1 Qc3 27. Qe8+ Kg7 28. c5 Bc7 29. Qe3 Nd3 30. g3 Bd8 31. Nf3 Bf6 32. N1d2 Qc2 33. Kg2 Nb4 34. Qe8 Nd3 35. Qb5 Bxd4 36. Qxb7 Nxc5 37. Qc7 Bxf2 38. Qe5+ Kg8 39. Qe8+ Kg7 40. Qe5+ Kg8 1/2-1/2

[Event "Mindsports Open 4th"]
[Site "London"]
[Date "2024.07.22"]
[Round "8.20"]
[White "Fitzsimons, David"]
[Black "Bharat Kumar, Balahari"]
[Result "1-0"]
[WhiteElo "2320"]
[BlackElo "1989"]
[PlyCount "107"]
[EventDate "2024.07.18"]
[EventType "swiss"]
[EventRounds "9"]
[EventCountry "ENG"]
[SourceTitle "BritBase"]
[Source "John Saunders"]
[SourceDate "2024.08.27"]
[SourceVersion "1"]
[SourceVersionDate "2024.08.27"]
[SourceQuality "1"]

1. e4 c5 2. Nf3 d6 3. Nc3 Nf6 4. e5 dxe5 5. Nxe5 a6 6. g3 e6 7. Bg2 Be7 8. O-O O-O 9. d3 Ra7 10. a4 b6 11. Bf4 Bb7 12. Bxb7 Rxb7 13. Qf3 Qc8 14. Rfe1 Nfd7 15. Nc4 Nc6 16. Bd6 Nd4 17. Qg2 Nb8 18. Rac1 Qc6 19. Ne4 Bxd6 20. Ncxd6 Rd7 21. Nc4 f6 22. f4 b5 23. axb5 axb5 24. Ne3 c4 25. dxc4 bxc4 26. Nd2 c3 27. Qxc6 Ndxc6 28. Ne4 cxb2 29. Rb1 e5 30. f5 Rb7 31. c3 Na6 32. Re2 Rfb8 33. Nd1 Rd7 34. Ne3 Rdb7 35. Nd1 Ne7 36. g4 Rd7 37. Rexb2 Rxb2 38. Nxb2 Nd5 39. Na4 Ne3 40. Rb6 Ra7 41. h3 h5 42. Kf2 Nd5 43. Rc6 Nf4 44. Kg3 hxg4 45. hxg4 Nb4 46. Rc8+ Kh7 47. Nac5 Nbd5 48. g5 fxg5 49. Nxg5+ Kh6 50. Nce4 Nh5+ 51. Kh4 g6 52. Rh8+ Kg7 53. Rh7+ Kg8 54. Rxa7 1-0

[Event "Mindsports Open 4th"]
[Site "London"]
[Date "2024.07.22"]
[Round "8.21"]
[White "Pandit, Kabir"]
[Black "Willmoth, Robert F"]
[Result "0-1"]
[WhiteElo "1950"]
[BlackElo "2115"]
[PlyCount "56"]
[EventDate "2024.07.18"]
[EventType "swiss"]
[EventRounds "9"]
[EventCountry "ENG"]
[SourceTitle "BritBase"]
[Source "John Saunders"]
[SourceDate "2024.08.27"]
[SourceVersion "1"]
[SourceVersionDate "2024.08.27"]
[SourceQuality "1"]

1. c4 d6 2. g3 e5 3. Bg2 f5 4. d3 Nf6 5. Nc3 Be7 6. Bg5 c6 7. e3 O-O 8. Nge2 h6 9. Bxf6 Bxf6 10. b4 Na6 11. Rb1 Nc7 12. O-O Qe8 13. Qd2 Kh8 14. f4 Ne6 15. fxe5 dxe5 16. Rxf5 Nf4 17. Rxf4 exf4 18. gxf4 Be6 19. e4 Rd8 20. e5 Bh4 21. c5 Qg6 22. Ne4 Bh3 23. N2g3 Bxg2 24. Qxg2 Rxf4 25. Nd6 Rg4 26. Qf2 Bxg3 27. hxg3 Rxg3+ 28. Kh2 Rg4 0-1

[Event "Mindsports Open 4th"]
[Site "London"]
[Date "2024.07.22"]
[Round "8.22"]
[White "Dias, Savin"]
[Black "Hill, Alistair"]
[Result "1-0"]
[WhiteElo "1954"]
[BlackElo "2101"]
[PlyCount "105"]
[EventDate "2024.07.18"]
[EventType "swiss"]
[EventRounds "9"]
[EventCountry "ENG"]
[SourceTitle "BritBase"]
[Source "John Saunders"]
[SourceDate "2024.08.27"]
[SourceVersion "1"]
[SourceVersionDate "2024.08.27"]
[SourceQuality "1"]

1. d4 e6 2. e4 d5 3. Nc3 Nf6 4. e5 Nfd7 5. f4 c5 6. Nf3 Nc6 7. Be3 a6 8. Qd2 b5 9. dxc5 Bxc5 10. Bd3 Qb6 11. Bf2 h6 12. O-O O-O 13. Kh1 Ra7 14. Rae1 Bxf2 15. Rxf2 Nc5 16. Rff1 b4 17. Ne2 Ne4 18. Bxe4 dxe4 19. Nfd4 Rd7 20. c3 Bb7 21. Qe3 Rfd8 22. Qh3 Ne7 23. Ng3 Rxd4 24. cxd4 Qxd4 25. Qg4 Qxb2 26. Nh5 Nf5 27. Rd1 Rxd1 28. Rxd1 Kh7 29. h3 e3 30. Rd8 Qxg2+ 31. Qxg2 e2 32. Qxb7 e1=Q+ 33. Kh2 Qe2+ 34. Qg2 Qxh5 35. Qg4 Qxg4 36. hxg4 Ne3 37. Kg3 a5 38. Rb8 h5 39. gxh5 Nf5+ 40. Kf3 Nd4+ 41. Ke3 Nc2+ 42. Kd3 Ne1+ 43. Ke4 f5+ 44. exf6 gxf6 45. Ra8 Kh6 46. Rxa5 f5+ 47. Ke5 Kxh5 48. Kxe6 Kg4 49. Rxf5 Nd3 50. Ra5 Kxf4 51. Kd5 Ke3 52. Kc4 Ke4 53. Ra8 1-0

[Event "Mindsports Open 4th"]
[Site "London"]
[Date "2024.07.22"]
[Round "8.23"]
[White "Verbytski, Oleg"]
[Black "Bird, Joel"]
[Result "0-1"]
[WhiteElo "2076"]
[BlackElo "1975"]
[PlyCount "92"]
[EventDate "2024.07.18"]
[EventType "swiss"]
[EventRounds "9"]
[EventCountry "ENG"]
[SourceTitle "BritBase"]
[Source "John Saunders"]
[SourceDate "2024.08.27"]
[SourceVersion "1"]
[SourceVersionDate "2024.08.27"]
[SourceQuality "1"]

1. e4 e5 2. Nf3 Nc6 3. Nc3 Nf6 4. d4 exd4 5. Nxd4 Bb4 6. Nxc6 bxc6 7. Bd3 d5 8. exd5 cxd5 9. O-O O-O 10. Bg5 c6 11. Qf3 Rb8 12. h3 Bd6 13. Rab1 h6 14. Bh4 Rb4 15. Bg3 Bxg3 16. Qxg3 Be6 17. b3 Qb8 18. Qf3 c5 19. Rfe1 Re8 20. Rbd1 Rf4 21. Qg3 Nh5 22. Qh2 Rf6 23. Qxb8 Rxb8 24. Bf1 Nf4 25. g3 Nxh3+ 26. Bxh3 Bxh3 27. Nxd5 Ra6 28. Nc3 c4 29. bxc4 Rc8 30. Rd4 Be6 31. Red1 Bxc4 32. Rd8+ Rxd8 33. Rxd8+ Kh7 34. Rd7 Ra3 35. Nd1 Rxa2 36. Ne3 Be6 37. Rc7 a5 38. c4 a4 39. Ra7 Kg6 40. Ra6 Kf6 41. Kg2 Ke5 42. c5 Ra1 43. Kf3 Bb3 44. c6 Rc1 45. Ke2 Rc5 46. Kd2 Kd6 0-1

[Event "Mindsports Open 4th"]
[Site "London"]
[Date "2024.07.22"]
[Round "8.24"]
[White "Govindasamy, Nashlen"]
[Black "Dupuis, Denis K"]
[Result "1-0"]
[WhiteElo "2081"]
[BlackElo "2013"]
[PlyCount "131"]
[EventDate "2024.07.18"]
[EventType "swiss"]
[EventRounds "9"]
[EventCountry "ENG"]
[SourceTitle "BritBase"]
[Source "John Saunders"]
[SourceDate "2024.08.27"]
[SourceVersion "1"]
[SourceVersionDate "2024.08.27"]
[SourceQuality "1"]

1. d4 d5 2. c4 e6 3. Nf3 Nf6 4. g3 Be7 5. Bg2 O-O 6. O-O Nbd7 7. Qc2 b6 8. cxd5 exd5 9. Nc3 Bb7 10. a4 Re8 11. a5 c6 12. Bf4 bxa5 13. Nd2 Rc8 14. e4 c5 15. Qb3 Qb6 16. Nxd5 Nxd5 17. exd5 cxd4 18. Qa4 Nc5 19. Qxa5 Qxa5 20. Rxa5 a6 21. Bh3 Bd8 22. Bxc8 Bxa5 23. Bxb7 Nxb7 24. Nf3 Rd8 25. Nxd4 Rxd5 26. Nc6 Kf8 27. Ra1 Rc5 28. Nb8 Rc2 29. Nxa6 Rxb2 30. Nc5 Nxc5 31. Rxa5 Ne6 32. Bd6+ Ke8 33. Ra7 Rd2 34. Bb4 Rd7 35. Ra2 f6 36. Kg2 Kf7 37. h4 Rd5 38. Ra7+ Kg6 39. Re7 Rd4 40. Ba3 Ra4 41. Bc1 Ra1 42. Be3 Ra6 43. Kf3 f5 44. Ke2 Kf6 45. Rb7 h6 46. h5 Ra5 47. Bd2 Rc5 48. Bb4 Rd5 49. f4 Nd4+ 50. Kf2 Rb5 51. Be7+ Kf7 52. Rc7 Ne6 53. Ra7 Rb2+ 54. Ke3 Rc2 55. Bd6+ Kg8 56. Re7 Nc5 57. Rc7 Rc3+ 58. Kd4 Rd3+ 59. Kxc5 Rxg3 60. Kd5 Rh3 61. Be5 Rxh5 62. Rxg7+ Kf8 63. Ke6 Rh3 64. Ra7 Kg8 65. Ra8+ Kh7 66. Kf7 1-0